Reputation, celebrity and defamation law (Record no. 14714)
[ view plain ]
| 000 -LEADER | |
|---|---|
| fixed length control field | 01210nam a2200313Ia 4500 |
| 082 04 - DEWEY DECIMAL CLASSIFICATION NUMBER | |
| Classification number | 346.03/4 |
| 100 1# - MAIN ENTRY--AUTHOR NAME | |
| Personal name | Rolph, David. |
| 245 10 - TITLE STATEMENT | |
| Title | Reputation, celebrity and defamation law |
| 260 ## - PUBLICATION, DISTRIBUTION, ETC. (IMPRINT) | |
| Place of publication | Aldershot, Hampshire, England ; |
| -- | Burlington, VT : |
| Name of publisher | Ashgate, |
| Year of publication | c2008. |
| 300 ## - PHYSICAL DESCRIPTION | |
| Number of Pages | xxiii, 217 p. |
| 650 #0 - SUBJECT ADDED ENTRY--TOPICAL TERM | |
| Topical Term | Libel and slander. |
| Topical Term | Reputation (Law) |
| 856 40 - ELECTRONIC LOCATION AND ACCESS | |
| Uniform Resource Identifier | http://site.ebrary.com/lib/rucke/Doc?id=10254953 |
No items available.
